| 000 | 01842nam a2200229Ia 4500 | ||
|---|---|---|---|
| 003 | Ost | ||
| 005 | 20260507074912.0 | ||
| 008 | 260507s9999||||xx |||||||||||||| ||und|| | ||
| 040 | _cfsecg | ||
| 041 | _aara | ||
| 082 | _a1.6 | ||
| 100 |
_aطه، طارق _eمؤلف |
||
| 245 | 0 |
_aنظم المعلومات و الحاسبات الآلية (من منظور اداري معاصر) / _c طارق طه |
|
| 260 |
_aالاسكندرية: _bدار الفكر الجامعي, _c2008 |
||
| 300 |
_a683 صفحة؛ _bإيضاحات ؛ _c24 سم |
||
| 504 | _aببليوغرافيا: ص.680 | ||
| 520 | _aالأسس التنظيمية لنظم المعلومات المبنية على الحاسبات، المفاهيم الأساسية لنظم المعلومات المبنية على الحاسبات الآلية، مكونات وعمارة نظم المعلومات المبنية على الحاسبات الآلية، استخدام نظم المعلومات المبنية على الحاسبات في المنظمات، نظم المعلومات في بيئة العولمة، الدور الاستراتيجي لنظم المعلومات، الأسس الفنية لنظم المعلومات المبنية على الحاسبات، الموارد المادية لنظم المعلومات، الموارد الغير مادية لنظم المعلومات، الاتصالات وشبكات الحاسبات والانترنت، أنواع نظم المعلومات المبنية على الحاسبات الآلية، نظم دعم الإدارة التشغيلية، نظم دعم الإدارة الميدانية، نظم دعم الإدارة الإستراتيجية | ||
| 653 | _aالانترنيت | ||
| 653 | _aالعولمة | ||
| 653 | _aنظم المعلومات- المؤسسة الممتدة | ||
| 942 | _cكتاب | ||
| 999 |
_c41744 _d41744 |
||